01442nam a22002891a 450000100060000000300080000600500170001400800410003103500200007203500140009204000320010604100080013808200220014610000440016824501380021226000450035030000270039549000650042250400190048750501510050665100350065794200120069299900170070495201510072195201390087295201410101127191BD-RjUL20211209051126.0140324r19631958ne 1 0 eng d a(BD-RjUL) 27263 a(BD-RjUL) aNUNbengcNUNdANLdBD-RjUL aeng04a958bBAF V-2 19631 aBarthold, Vasilii Vladimirovich.98346210aFour studies on the history of Central Asia /cby V.V.Barthold; trans. from the Russian by V. and T.Minorsky.nVolume II :pUlugh-Beg aLeiden :bBrill,c1958. [Reprinted 1963] a200p. :bill. ;c22cm.1 aRussian translation / (American Council of Learned Societies aIncludes Index0 aVol.1, A short history of Turkestan; History of te Semirechye. Vol.2, Ulugh-beg. 1958. Vol.3, Mir Ali-Shir; A history of the Turkman people. 1962. 0aAsia, CentralxHistory.969616 2ddccBK c27191d27191 00102ddc40708NFICaRUCLbRUCLcStackd1964-07-18eZeitlingerg30.00l1o958 BAF V-2 1963r2017-12-17 00:00:00s2017-12-17tC-2w2014-03-24yBK 00102ddc40708NFICaRUCLbRUCLcStackd1964-04-14eZeitlingerg98.00l0o958 BAF V-2 1963r2016-11-26 00:00:00tC-3w2016-11-26yBK 00102ddc40718NFICaRUCLbRUCLcReadingd0000-00-00eZeitlingerg35.06l0o958 BAF V-2 1963r2017-02-26 00:00:00tC-1w2017-02-26yBK